Gardiens des Cités perdues - Statistiques

Statistiques générales
  • Ce quiz a été pris 622 fois
  • Le résultat moyen est 61 sur 149
Statistiques - réponses
Elfes % Correct
Sophie Foster
97%
Fitz Vacker
96%
Biana Vacker
94%
Ella
94%
Keefe Sencen
94%
Dex Dizznee
92%
Amy Foster
87%
Ro
87%
Alden Vacker
86%
Edaline Ruewen
86%
Grady Ruewen
86%
Della Vacker
84%
Bex Dizznee
82%
Lex Dizznee
82%
Rex Dizznee
82%
Errol Loki Forkle Maître /Magnat Leto Kerlof Sir Astin
81%
Sandor
81%
Tam Song
80%
Alvar Vacker
79%
Linh Song
79%
Conseillère Oralie
78%
Bo
75%
Gisela Sencen
75%
Marella Redek
75%
Juline DizzneeBlizzard
74%
Kesler Dizznee
74%
Jolie Ruewen
72%
Stina Heks
71%
Conseiller Bronte
70%
Fintan Pyren
69%
Cassius Sencen
68%
Emma Foster
68%
Brant
66%
Conseiller Kenric Fathdon
66%
Grizel
66%
Prentice Endal
66%
Tiergan AlenefarGranite
65%
William Foster
64%
Maruca Chebota
63%
Wylie Endal
61%
Flori
59%
Dame/Conseillère Alina
58%
Conseiller Emery
57%
Silveny
57%
Calla
56%
Luzia Vacker
56%
Orem Vacker
55%
Cyrah Endal
54%
Fallon Vacker
53%
Mai Song
53%
Vika Heks
53%
Conseiller Terik
52%
Ruy Ignis
52%
Vespéra Folend
52%
Ombre
51%
Quan Song
51%
Elwin Heslege
50%
Iggy
50%
Brume
49%
Nubiti
48%
Timkin HeksToison
48%
Luna
47%
Roi Dimitar
47%
Gethen Ondsinn
46%
Félix
45%
Greyfell
45%
Spectre
43%
Woltzer
43%
Conseillère Zarina
42%
Lovise
42%
Maître/Lady Cadence Talle
42%
Tarina
42%
Conseiller Noland
41%
Conseillère Clarette
40%
Brielle
39%
Livvy Sonden
37%
Trix
37%
Quinlin Sonden
36%
Cadoc
35%
Conseillère Liora
34%
Durand Redek
34%
Verdi
33%
Conseiller Darek
32%
Conseillère Velia
32%
Benesh Vacker
31%
Harlin Vacker
31%
Norene Vacker
31%
Conseillère Ramira
30%
Lady Galvin
29%
Mécano
28%
Mr.Câlin
28%
Lueur
25%
Mr.Sweeney
23%
Lady Zillah
22%
Reine Hylda
22%
Jurek
21%
Ollie Heks
21%
Pelipa Heks
21%
Silla Heks
21%
Vertina
21%
Mme.Schlinguette
20%
Instructeur Bora
19%
Lesedi Chebota
19%
Lady Alexine
18%
Instructrice Rohana
17%
Lady Sassystrass
17%
Reine Gundula
17%
Stinky le Stégosaure
17%
Instructrice Wilda
16%
Juji
16%
Valin
16%
Cadfael
15%
Ceri
15%
Lapinou
15%
Brisa
14%
Sir Bubu
14%
Ethan Wright
12%
Sir Conley
12%
Eleanor Wright
11%
Lady Belva
11%
Lady Dara
11%
Lady Iskra
11%
Lady Anwen
10%
Lady Delmira
10%
Lady Nissa
10%
Lady Sanja
10%
Lady Veda
10%
Marty
10%
Sir Beckett
10%
Sir Caton
10%
Sir Faxon
10%
Sir Harding
10%
Sir Leander
10%
Sir Rosings
10%
Damel Kafuta
9%
Dempsey Pemberley
9%
Garwin Chang
9%
Lady Evera
9%
Shayda Adel
9%
Sir Donwell
9%
Timur
9%
Urre
9%
Trella
8%
Sir Jarvin
7%
Bethany Lopez
6%
Elidyr
5%
Opher
5%
Sir Gropoutou
5%
Watson
5%
Aucun quiz correspondant
Distribution des résultats
% des personnes avec chaque résultat
Percentile par nombre de réponses
Votre historique - résultats
Vous n’avez pas pris ce quiz